000 01073nam0a2200313 4500
001 RU\NLR\bibl\146647
005 20260406121257.0
010 _a5-89487-052-6
_910000
021 _aRU
_b98-3305
_9101
035 _a(NLR Aleph) 000143697
090 _a823132
_c823132
100 _a20010405d1998 |||y0rusy50 ca
101 0 _arus
102 _aRU
105 _ay |||||||||
200 1 _aСветлый лик смерти
_fАлександра Маринина
_e[Роман]
210 _aМ.
_cИскатель
_d1998
215 _a383 с.
_d17
225 1 _aБиблиотека "Искателя"
300 _aНа 4-й с. обл. авт.: А. Маринина, юрист, к.ю.н., подполк. милиции
686 _aШ6(2=Р)75-446
700 1 _4070
_8rus
_7ca
_aМаринина
_bА. Б.
_gАлександра Борисовна
_f1957-
_3RU\NLR\auth\77515
_9110564
801 0 _aRU
_bNLR
_c20010405
_gPSBO
801 1 _aRU
_bNLR
_c20010405
852 _aNLR
_j2000-2/1640
942 _cBOOK
980 _aNB